00998nam a22002297a 450000500170000000800410001702000150005805000210007310000220009424501720011625000110028826001150029930000280041449000300044250400340047265000440050665000610055065100590061170000310067070000250070170000420072620250307093946.0 s mx d gr|||| 00| 0 spa|d a968231873404aHF1746bI54 19941 aInglehart, Ronald10aConvergencia en Norteamérica b : comercio, política y cultura c / Ronald Inglehart, Miguel Basáñez, Neil Nevitte ; traducción de Lucila Christen de Remond. a1a ed. aMéxico :bDesarrollo de Opinión Pública :bProspectiva Estratégica :bSiglo Veintiuno Editores, c1994 a223 p. :bil. ;c21 cm.0 aSociología y Política aBibliografía : p. [215]-223 4aLibre comercio zAmérica del Nortey  4aProteccionismoxArancelesxComerciozAmérica del Norte 4aAmerica del Norte xRelaciones económicas exteriores1 aBasáñez, Migueleautor1 aNevitte, Neileautor1 aChristen de Remond, Lucilaetraductor